000 01008nam a2200289 i 4500
001 000038228
003 DO-SdBNP
005 20260317091424.0
007 ta
008 130404s2007 dr ad 000 0 spa d
040 _aDO-SdBNP
_bspa
_cBNPHU
_erda
041 _aspa
082 4 _a331.12
_bM553t 2006
_222
245 0 0 _aMercado de trabajo 2006.
264 1 _aSanto Domingo :
_bBanco Central de la República Dominicana,
_c2007?.
300 _a154, [14] páginas :
_bilustraciones, gráficos ;
_c21 cm.
336 _atexto
_btxt
_2rdacontent
337 _asin mediación
_bn
_2rdamedia
338 _avolumen
_bnc
_2rdacarrier
590 _aInventariado, 2018/VM
650 7 _aMercado de trabajo
_zRepública Dominicana
_y2006
_2LIBRUNAM
_919058
650 7 _aMercado de trabajo
_zRepública Dominicana
_y2006
_vEstadísticas
_2LIBRUNAM
_919058
650 4 _aEmpleo
_y2006
_964604
710 2 _aBanco Central de la República Dominicana
_983405
910 _aValidado. Control de calidad MFF
942 _2ddc
_cLBS1
999 _c37718
_d37718